000 00771nam a2200241 a 4500
001 000029508
003 OSt
005 20260321073641.0
008 110418s1985 dr a 000 0 spa d
040 _aDO-SdBNP
_bspa
_cBNPHU
049 _aBNPD
082 _aRD864.44
_bB742co
100 1 _a Bosch, Juan,
_d1909-2001
_976555
245 1 0 _aConferencia sobre periodismo y literatura /
_cJuan Bosch.
260 _aSanto Domingo :
_bAlfa y Omega,
_c1985.
300 _a17 p. :
_bil. ;
_c21 cm.
650 0 _aEnsayos dominicanos
_965
650 4 _aPeriodismo
_xArte de escribir
_927
650 4 _aCultura
_xRepública dominicana
_xEnsayos, conferencias, etc.
_955060
650 0 _aLiteratura dominicana.
_967
910 _aValidado. Control de calidad EMS
942 _2ddc
_cLBS1
999 _c29000
_d29000